Penrose annual : Review of the graphic arts
Na minha lista:
| Formato: | Livro |
|---|---|
| Idioma: | Undetermined |
| Publicado em: |
London
Lund Humphries & co., Ltd.
1962
|
| Assuntos: | |
| Tags: |
Adicionar Tag
Sem tags, seja o primeiro a adicionar uma tag!
|
| Thư viện lưu trữ: | Trung tâm Học liệu Trường Đại học Cần Thơ |
|---|
| LEADER | 00492nam a2200169Ia 4500 | ||
|---|---|---|---|
| 001 | CTU_111605 | ||
| 008 | 210402s9999 xx 000 0 und d | ||
| 082 | |a 730 | ||
| 082 | |b P418/Vol.56 | ||
| 245 | 0 | |a Penrose annual : | |
| 245 | 0 | |b Review of the graphic arts | |
| 245 | 0 | |c Edited by Allan Delafons | |
| 260 | |a London | ||
| 260 | |b Lund Humphries & co., Ltd. | ||
| 260 | |c 1962 | ||
| 650 | |a Photomechanical processes,Graphic arts | ||
| 980 | |a Trung tâm Học liệu Trường Đại học Cần Thơ | ||